Comuni dell'Umbria (con mappa) - Statistics

Statistiche generali
  • Questo quiz è stato fatto 1.916 volte
  • Il punteggio medio è 36 su 92
Risposte nella Mappa
Le risposte nella mappa del quiz sottostante sono codificate secondo una scala di colori dal rosso al verde in base alla % di persone che hanno risposto correttamente.
 
Statistiche sulle risposte
Comune % Corretto
Perugia
99%
Terni
97%
Assisi
89%
Gubbio
88%
Spoleto
86%
Foligno
84%
Città  di Castello
82%
Orvieto
81%
Norcia
79%
Narni
69%
Todi
69%
Spello
68%
Umbertide
62%
Castiglione del Lago
59%
Bastia Umbra
57%
Gualdo Tadino
57%
Cascia
55%
Passignano sul Trasimeno
54%
Città  della Pieve
53%
Amelia
52%
Deruta
50%
Nocera Umbra
49%
Trevi
49%
Montefalco
47%
Bevagna
46%
Magione
45%
Marsciano
42%
Acquasparta
41%
Corciano
41%
Tuoro sul Trasimeno
41%
Campello sul Clitunno
39%
Cannara
38%
San Giustino
38%
Fabro
37%
Fossato di Vico
36%
Monteleone di Spoleto
36%
Gualdo Cattaneo
35%
Panicale
35%
San Gemini
35%
Torgiano
35%
Valfabbrica
35%
Ferentillo
34%
Bettona
33%
Cerreto di Spoleto
33%
Giano dell'Umbria
33%
Massa Martana
33%
Pietralunga
32%
Preci
32%
Stroncone
31%
Valtopina
31%
Ficulle
30%
Montone
30%
San Venanzo
30%
Sigillo
29%
Attigliano
28%
Fratta Todina
28%
Giove
28%
Montecastrilli
28%
Monteleone d'Orvieto
28%
Scheggia e Pascelupo
28%
Scheggino
28%
Lisciano Niccone
27%
Piegaro
27%
Sellano
27%
Allerona
26%
Arrone
26%
Calvi dell'Umbria
26%
Otricoli
26%
Paciano
26%
Baschi
25%
Costacciaro
25%
Vallo di Nera
25%
Avigliano Umbro
23%
Castel Giorgio
23%
Castel Ritaldi
23%
Monte Santa Maria Tiberina
23%
Sant'Anatolia di Narco
23%
Alviano
22%
Castel Viscardo
22%
Citerna
22%
Collazzone
22%
Guardea
21%
Monte Castello di Vibio
21%
Montecchio
21%
Montegabbione
21%
Poggiodomo
21%
Porano
21%
Lugnano in Teverina
20%
Montefranco
20%
Parrano
20%
Polino
20%
Penna in Teverina
17%
Nessun quiz corrispondente trovato
Distribuzione punteggi
Percentuale di utenti per punteggio
Percentile per numero di risposta
I tuoi punteggi nel tempo
Non hai fatto questo quiz